| 000 | 01381cam a2200325 a 4500 | ||
|---|---|---|---|
| 999 |
_c232605 _d232605 |
||
| 001 | 1114818 | ||
| 003 | Nust | ||
| 005 | 20170221121937.0 | ||
| 008 | 930621s1992 iaua j 000 1 eng | ||
| 010 | _a 93169165 | ||
| 020 | _a9781853260292 | ||
| 040 |
_aDLC _cDLC _dDLC |
||
| 042 | _alcac | ||
| 043 | _an-usn-- | ||
| 050 | 0 | 0 |
_aPZ7.H31373 _bSc 1992 |
| 082 | 0 | 0 |
_a813.3 _bHAW |
| 100 | 1 |
_aHawthorne, Nathaniel, _d1804-1864. |
|
| 245 | 1 | 4 |
_aThe scarlet letter : _bretold classic novel / _cby Nathaniel Hawthorne. |
| 260 |
_aLogan, Iowa : _bPerfection Learning, _c1992. |
||
| 300 |
_a203 p. : _c21 cm. |
||
| 440 | 0 | _aRetold classic novels | |
| 520 | _aIn early colonial Massachusetts, a young woman endures the consequences of her sin of adultery and spends the rest of her life in atonement. | ||
| 650 | 0 |
_aPuritans _zMassachusetts _xJuvenile fiction. |
|
| 650 | 1 |
_aPuritans _xFiction. |
|
| 651 | 0 |
_aMassachusetts _xHistory _yColonial period, ca. 1600-1775 _xJuvenile fiction. |
|
| 651 | 1 |
_aMassachusetts _zHistory _yColonial period, ca. 1600-1775 _xFiction. |
|
| 906 |
_a7 _bcbc _corignew _d3 _encip _f19 _gy-gencatlg |
||
| 942 |
_2ddc _cBK |
||